00291nam a2200121Ia 45000030006000000080041000060400015000471000016000622450053000782600009001315460012001400050017001520STCL150530s9999 xx 000 0 und d aSTCLcSTCL aRinny Eapen aDiabetes total control cholesterol total control c2004 aEnglish20220125165731.0